History Quiz

Random History or Capital Quiz

Capitals of Europe in 1914 Quiz Stats

 Plays Quiz Updated Aug 8, 2014

Support Sporcle.
Go Orange.
Score 0/26 Timer 07:00
4 Plays Today
City % Correct
London
97.9%
Berlin
95.5%
Paris
95.5%
Madrid
93.9%
Rome
93%
Lisbon
89.3%
Kristiania (Oslo)
88.8%
Vienna
87.4%
Amsterdam
85.1%
Stockholm
85%
Athens
84.4%
Brussels
83.7%
Copenhagen
80.6%
City % Correct
Berne (Bern)
78.7%
St Petersburg / Petrograd
75.3%
Constantinople
71.7%
Luxembourg
69.9%
Bucharest
65%
Monaco
60.9%
Sofia
59.9%
Belgrade
58.1%
San Marino
56.9%
Vaduz
49%
Andorra la Vella
47.5%
Vlorë / Durrës
4.5%
Cetinje
4.4%

You're not logged in!

Compare scores with friends on all Sporcle quizzes.
OR
Log In

From the Vault

Black or White Blitz

by DarkBadger

If everything isn't black and white, I say, 'Why the hell not?' --John Wayne
Remove Ads.
Support Sporcle.
Get the best of Sporcle when you Go Orange. This ad-free experience offers more features, more stats, and more fun while also helping to support Sporcle. Thank you for becoming a member.

Show Comments

Extras

Top Quizzes Today


Score Distribution

Your Account Isn't Verified!

In order to create a playlist on Sporcle, you need to verify the email address you used during registration. Go to your Sporcle Settings to finish the process.

Report this User

Report this user for behavior that violates our Community Guidelines.

Details: